[Event "Szolnok op"]
[Site "Szolnok"]
[Date "2022.06.17"]
[Round "4"]
[White "Steyer, Ferenc"]
[Black "Toth, Bela4444"]
[Result "1/2-1/2"]
[WhiteElo "1335"]
[BlackElo "1551"]
[PlyCount "124"]
[EventDate "2022.06.16"]
[EventType "swiss"]
[EventRounds "7"]
[EventCountry "HUN"]
[SourceTitle "CBM 209 Extra"]
[Source "ChessBase"]
[SourceDate "2022.09.30"]
[SourceVersion "1"]
[SourceVersionDate "2022.09.30"]
[SourceQuality "1"]

1. Nf3 d5 2. g3 g6 3. Bg2 Bg7 4. c4 dxc4 5. Qa4+ c6 6. Qxc4 Be6 7. Qc2 h6 8. 0-0 f5 9. Rd1 Bf7 10. d4 Nd7 11. e3 e6 12. Nc3 Qc8 13. b4 Ne7 14. a4 a6 15. Bb2 0-0 16. Qd3 Nb6 17. b5 axb5 18. axb5 Nbd5 19. Rxa8 Qxa8 20. Ra1 Qb8 21. Nxd5 Nxd5 22. Ba3 Rd8 23. bxc6 bxc6 24. Bc5 Qb5 25. Qc2 Rb8 26. Bd6 Rd8 27. Rb1 Qa6 28. Bf1 Qc8 29. Rb8 Qd7 30. Rxd8+ Qxd8 31. Qxc6 Be8 32. Qa6 Qd7 33. Ne5 Bxe5 34. Bxe5 g5 35. Bc4 g4 36. Kg2 h5 37. h3 Kf7 38. hxg4 hxg4 39. Kf1 Qc6 40. Qxc6 Bxc6 41. Ke1 Ke7 42. Bb8 Nc3 43. Ba7 Ne4 44. Bb6 Kd7 45. Ba5 Ke7 46. Ke2 Kf7 47. Be1 Ke7 48. Kd3 Kf7 49. Kc2 Nd6 50. Ba6 Ne4 51. Kb3 Kf6 52. Kb4 Ke7 53. Ka5 Kf7 54. Kb6 Bd5 55. Kc7 Bb3 56. Bb5 Ba2 57. Kd8 Bb3 58. Kd7 Ba2 59. Bc6 Bb3 60. Bxe4 fxe4 61. Kd6 Kf6 62. Bc3 Kf5 1/2-1/2

[Event "Szolnok op"]
[Site "Szolnok"]
[Date "2022.06.16"]
[Round "2"]
[White "Pasztorcsik, Janos"]
[Black "Steyer, Ferenc"]
[Result "1-0"]
[WhiteElo "1884"]
[BlackElo "1335"]
[PlyCount "57"]
[EventDate "2022.06.16"]
[EventType "swiss"]
[EventRounds "7"]
[EventCountry "HUN"]
[SourceTitle "CBM 209 Extra"]
[Source "ChessBase"]
[SourceDate "2022.09.30"]
[SourceVersion "1"]
[SourceVersionDate "2022.09.30"]
[SourceQuality "1"]

1. d4 Nf6 2. c4 d5 3. cxd5 Nxd5 4. e4 Nf6 5. Nc3 c5 6. Nf3 Bg4 7. Bb5+ Nc6 8. Be3 cxd4 9. Qxd4 Qxd4 10. Nxd4 Rc8 11. Bxc6+ bxc6 12. f3 Bd7 13. Nb3 e5 14. Nc5 Rb8 15. 0-0-0 Be7 16. Rd2 Bc8 17. Rhd1 0-0 18. Nd3 Nd7 19. Bxa7 Ra8 20. Be3 c5 21. b3 Ba6 22. Nd5 Bd6 23. Nb2 Bc8 24. Nc3 Be7 25. Rxd7 Bxd7 26. Rxd7 Rfe8 27. Nc4 f6 28. Nd5 Rad8 29. Rxe7 1-0